Normal view
MARC view
- Yermolin, N P
Entry Personal Name
001 - CONTROL NUMBER
- control field: 6543
003 - CONTROL NUMBER IDENTIFIER
- control field: OSt
005 - DATE AND TIME OF LATEST TRANSACTION
- control field: 20241223152553.0
008 - FIXED-LENGTH DATA ELEMENTS
- fixed length control field: 241223|| aca||aabn | a|a d
040 ## - CATALOGING SOURCE
- Original cataloging agency: OSt
- Transcribing agency: OSt
100 ## - HEADING--PERSONAL NAME
- Personal name: Yermolin, N P
670 ## - SOURCE DATA FOUND
- Source citation: Work cat.: (OSt)1466: Yermolin, N P ., Small electrical machines / , 1963.
